All Premier League Goalkeepers 2025 - Statistics

General Stats
  • This quiz has been taken 71 times
  • The average score is 36 of 68
Answer Stats
Club Nation Answer % Correct
Liverpool Brazil Alisson
100%
Man City Brazil Ederson
100%
Arsenal Spain David Raya
98%
Everton England Jordan Pickford
95%
Man United Cameroon Andre Onana
93%
Fulham Germany Bernd Leno
93%
Wolves Portugal Jose Sa
92%
Aston Villa Argentina Emiliano Martinez
90%
Newcastle England Nick Pope
90%
Liverpool Ireland Caoimhin Kelleher
88%
Spurs Italy Guglielmo Vicario
88%
Crystal Palace England Dean Henderson
86%
Chelsea Spain Robert Sanchez
86%
Man City Germany Stefan Ortega
83%
West Ham Poland Lukasz Fabianski
81%
Newcastle Slovakia Martin Dubravka
81%
Southampton England Aaron Ramsdale
80%
West Ham France Alphonse Areola
80%
Nott Forest Belgium Matz Sels
80%
Bournemouth Spain Kepa Arrizabalaga
76%
Man United Turkiye Altay Bayindir
75%
Arsenal Brazil Neto
75%
Aston Villa Sweden Robin Olsen
75%
Brighton Netherlands Bart Verbruggen
73%
Brentford Netherlands Mark Flekken
73%
Chelsea Denmark Filip Jorgensen
71%
Man City England Scott Carson
71%
Leicester Wales Danny Ward
69%
Man United England Tom Heaton
69%
Spurs England Fraser Forster
66%
Everton Bosnia Asmir Begovic
59%
Brighton England Jason Steele
59%
Leicester Denmark Mads Hermansen
58%
Crystal Palace USA Matt Turner
56%
Ipswich Kosovo Arijanet Muric
54%
Spurs Czechia Antonin Kinsky
53%
Wolves England Sam Johnstone
49%
Newcastle Greece Odisseas Vlachodimos
47%
Nott Forest Wales Wayne Hennessey
47%
Liverpool Czechia Vitezslav Jaros
42%
Spurs England Brandon Austin
37%
Southampton England Alex McCarthy
34%
Everton Portugal Joao Virginia
34%
Chelsea England Marcus Bettinelli
34%
Spurs England Alfie Whiteman
31%
Newcastle England John Ruddy
31%
Ipswich England Alex Palmer
25%
Chelsea USA Gabriel Slonina
25%
Liverpool England Harvey Davies
25%
Chelsea Finland Lucas Bergstrom
24%
Leicester Denmark Daniel Iversen
22%
Fulham Germany Steven Andreas-Benda
22%
Brentford Iceland Hakon Rafn Valdimarsson
20%
Leicester Poland Jakub Stolarczyk
20%
Nott Forest Brazil Carlos Miguel
19%
Wolves England Daniel Bentley
19%
Newcastle England Mark Gillespie
19%
Ipswich England Christian Walton
15%
Wolves Wales Tom King
15%
Arsenal Netherlands Tommy Setford
15%
West Ham England Wesley Foderingham
15%
Brighton Canada Thomas McGill
14%
Southampton England Joe Lumley
12%
Ipswich Scotland Cieran Slicker
10%
Crystal Palace England Remi Matthews
10%
Bournemouth England Will Dennis
10%
Brighton England Carl Rushworth
3%
Crystal Palace England Louie Moulden
2%
No matching quizzes found
Score Distribution
Percent of People with Each Score
Percentile by Number Answered
Your Score History
You have not taken this quiz